000 00889cam a22003017a 4500
003 CHAP
005 20220329134949.0
008 971013c19691959 r 00010 d
010 _a28759
011 _a29731
035 _a33842
040 _cCHAP
082 _a507.2
_bK6Y
100 0 0 _aKourganoff, Vladimir.
_963802
245 1 3 _aLa investigación científica
260 _aBuenos Aires :
_bEudeba,
_c1969 (c.1959)
300 _a68 p.
490 0 _aCuadernos Eudeba
_v; 5
590 _aBATCH-UPD
_b10
_c20130110
_lUCH01
_h1632
590 _aBATCH-UPD
_b10
_c20130410
_lUCH01
_h1024
590 _aBATCH-UPD
_b10
_c20130914
_lUCH01
_h1110
590 _aCONVERSION
_b10
_c20130109
_lUCH01
_h1316
650 1 4 _aInvestigación.
_960221
830 0 _aCuadernos Eudeba
_v; 5
_929860
901 _aBK
942 _cLIBRO
949 _a507.2 K6Y
_bBC
_cLIBRO
_d33724000124764
_eLIBRO
_h15843
_i33842
_si
999 _c28759
_d28759